000 00430nam a2200181Ia 4500
005 20250923144348.0
008 008 250917s9999 xx 000 0 eng d
037 _aTextual
040 _aDSWL
_beng
_cDSWL
041 _aeng
_2eng
084 _qDSWL
100 _aBenham, F
_9824109
245 0 _aEconomics
_cby F Benham
260 _c1949
300 _a542 p.
942 _cTEXL
999 _c1437917
_d1437917